| 000 | 00854nac a22003370a 4500 | ||
|---|---|---|---|
| 001 | PT54217 | ||
| 003 | AR-LpoUNG | ||
| 005 | 20250820111347.0 | ||
| 008 | 201001s2009||||ag |||||||||||||||||spa d | ||
| 020 |
_a9789500431934 _c$28 |
||
| 040 |
_aAR-LpoUNG _bspa _eaacr |
||
| 041 | _aspa | ||
| 044 | _aag | ||
| 082 | 0 | _aA863 732v1 | |
| 100 | 1 | _aBorges, Jorge Luis | |
| 245 | 1 | 0 |
_aObras completas : _b1923-1949 |
| 250 | _a1ra. ed. | ||
| 260 |
_aBuenos Aires : _bEmecé, _c2009. |
||
| 300 |
_a1119 p. : _bfot., mapa _a(3 _fVolĂșmenes) _3Impreso |
||
| 490 | 0 | _aObras completas | |
| 650 | 4 | _aARGENTINA | |
| 650 | 4 | _aCRITICA LITERARIA | |
| 650 | 4 | _aLITERATURA | |
| 650 | 4 | _aPOESIA | |
| 650 | 4 | _aPROSA | |
| 653 | 0 | _aLITERATURA ARGENTINA | |
| 700 | 1 | _aCosta Picazo, Rolando | |
| 700 | 1 | _aZangara, Irma | |
| 905 | _a54217 | ||
| 942 |
_cLSALA _2ddc |
||
| 999 |
_c50060 _d50060 |
||